00437nam a22001457a 450000500170000000800410001702000180005804100130007608200140008910000130010324500810011626000430019730000260024065000250026620231123071809.0231123b |||||||| |||| 00| 0 eng d a9789991609157 aEnglish  a342.8 HUM lEnglish  aHuman Rights and the Rule of Law in Namibia / cedited by N Horn and A Bosl  aWindhoek : bMacmillan Namibia, c2008 b298 pages ; c25 cm.  aLegal practice bLaw